000
00317nam a2200121Ia 4500
008
231129s9999||||xx |||||||||||||| ||spa||
040
_b
spa
082
_a
986.1 M828m
100
_a
Morales Benítez Otto
245
0
_a
Muchedumbres y banderas: luchas por la libertad
264
_a
Plaza y Janés
942
_2
ddc
_c
BKS
999
_c
21438
_d
21438